00417nam a2200109 a 4500008004100000050001200041110004100053245011400094260005500208350000900263650003500272080415s1994 ||||||||||||||||| || u aHD 9000 aEconomic Association of Zambia (EAZ)10aProceedings and summary of the Crop production and marketing seminar held at Pamozi Hotel, Lusaka 9 July 1994 aLusakabEconomic Association of Zambia (EAZ)c1994 a0.00 aFOOD CROPS--ZAMBIA--CONGRESSES